000 00572nam a2200193Ia 4500
008 151121s9999||||xx |||||||||||||| ||und||
082 _a833 /भंडारी
082 _bHNW-65630
100 _aभंडारी मन्नू
245 _aमहाभोज
260 _b"राधाकृष्ण, नई दिल्ली।"
260 _c--
300 _a159
600 _aभंडारी मन्नू
630 _aमहाभोज
700 _aभंडारी मन्नू
730 _aमहाभोज
942 _cBOOK
999 _c1247137
_d1247134